Elecciones nacionales 2010 en Costa Rica: una mujer al mando sesenta años después =
En general, el autor sostiene la tesis de que las elecciones generales de 2010 no modificaron radicalmente el sistema de partidos en la época post-bipartidista. Dos son los factores fundamentales que caracterizan este período: por un lado, una composición pluralista y sin mayorías de los órganos de...
Furkejuvvon:
| Váldodahkki: | |
|---|---|
| Materiálatiipa: | Texto |
| Fáttát: | |
| Fáddágilkorat: |
Lasit fáddágilkoriid
Eai fáddágilkorat, Lasit vuosttaš fáddágilkora!
|
MARC
| LEADER | 00000 a a2200000 04500 | ||
|---|---|---|---|
| 001 | 44215 | ||
| 003 | |||
| 040 | |||
| 100 | |a Alfaro Redondo, Ronald | ||
| 245 | |a Elecciones nacionales 2010 en Costa Rica: |b una mujer al mando sesenta años después = |b 2010 national elections in Costa Rica: a woman president sixty years later / |c Ronald Alfaro Redondo | ||
| 500 | |a ralfaro@estadonacion.or.cr | ||
| 520 | |a En general, el autor sostiene la tesis de que las elecciones generales de 2010 no modificaron radicalmente el sistema de partidos en la época post-bipartidista. Dos son los factores fundamentales que caracterizan este período: por un lado, una composición pluralista y sin mayorías de los órganos de representación política producto de una elevada fragmentación del sistema de partidos y por el otro, la alta volatilidad en las preferencias electorales de la ciudadanía. | ||
| 590 | |a RRH/ENERO2013 | ||
| 650 | |a PARTIDOS POLITICOS | ||
| 650 | |a ELECCIONES | ||
| 650 | |a PARTICIPACION POLITICA | ||
| 650 | |a PLURALISMO POLITICO | ||
| 650 | |a COSTA RICA | ||
| 740 | |a Costa Rica: elecciones nacionales 2010: |b una mirada a su democracia | ||
| 773 | |g número130 (2010), páginas 101-115 : tablas, gráficos, mapas | ||
| 999 | |c 20572 |d 20572 | ||
| 773 | 0 | |0 18728 |9 3017 |a Universidad de Costa Rica |d San José, Costa Rica Editorial UCR 1956- |o 15060 |t Revista de Ciencias Sociales/ |x 04825276 | |
